000 00421cam a2200181ua 4500
001 4242
008 111221n ii |||gr||||Z||||||asm
040 _cMAIN
082 _a891.4513
100 1 _aDutta, Nilima,
245 1 1 _aAkash banti
_cby Nilima Dutta
250 _a2nd.
260 _aGuwahati:
_bNilima Dutta,995.
300 _a167p:
_c23cm.
653 _aAssamese novel
653 _aVolga pora ganga
942 _cBK
999 _c4063
_d4063